| 000 | 00516nam a2200217Ia 4500 | ||
|---|---|---|---|
| 001 | 13366 | ||
| 003 | GE_BSU | ||
| 008 | 181216s||||||||xx |||||||||||||| ||und|| | ||
| 020 | _a0752532987 | ||
| 040 | _cGE_BSU | ||
| 080 | _a745/749 | ||
| 100 | _aBolton,Vivienne | ||
| 245 | _a365 Thincs to make and do | ||
| 245 | _cEditor:Barbara Segall.Photography Patrick Spillane | ||
| 260 | _aItaly | ||
| 260 | _bParragon | ||
| 260 | _c1998 | ||
| 300 | _a256p.29cm. | ||
| 653 | _a365 Thincs to make and do | ||
| 942 | _cBK | ||
| 999 |
_c46527 _d46527 |
||